000 00660nam a2200229Ia 4500
005 20260430150200.0
008 008 250103s9999 xx 000 0 eng d
037 _aTheses
040 _aCRL
040 _beng
040 _ceng
041 _2eng
041 _aeng
084 _qCRL
100 _aArora Beena Au.; Siddhu Anupa Gu.; Peters Atul N. Gu.
_91236713
245 0 _aNutritional profile quality of life in patients undergoing different bariatric surgery procedures
260 _c2021
300 _a515p.
700 _aUniversity of Delhi. Science Faculty. Department of Home Science
_91236714
942 _cTH
999 _c1849152
_d1849152